| 000 | 00650nam a2200289Ia 4500 | ||
|---|---|---|---|
| 005 | 20260324131747.0 | ||
| 008 | 008 260324s9999 xx 000 0 eng d | ||
| 020 | _a9780203647301 | ||
| 037 | _aEBOOK | ||
| 040 | _aCRL | ||
| 040 | _beng | ||
| 040 | _cCRL | ||
| 041 | _2eng | ||
| 041 | _aeng | ||
| 084 | _qCRL | ||
| 100 |
_aStephen Zank _91186724 |
||
| 245 | 0 | _aMaurice Ravel | |
| 245 | 2 | _bA Guide to Research | |
| 260 | _bTaylor and Francis | ||
| 260 | _c2005 | ||
| 365 | _a | ||
| 365 | _b230 | ||
| 856 | _uhttp://www.taylorfrancis.com/books/9780203647301 | ||
| 942 | _cEBOOK | ||
| 999 |
_c1784199 _d1784199 |
||